| 000 | 00905nam a2200253 n 4500 | ||
|---|---|---|---|
| 003 | OSt | ||
| 005 | 20220414123925.0 | ||
| 008 | 220414s1988 my ao e o000 0 eng d | ||
| 020 | _qhardback | ||
| 040 |
_aPPAK _beng _cPPAK _erda |
||
| 082 | 0 | 4 |
_223 _a390.095954 |
| 090 | 0 | 0 |
_a390.095954 _bCUS _dKAO |
| 110 | _aSarawak (Malaysia). Publicity and Film Sub-Committee. | ||
| 245 | 0 | 0 |
_aCUSTOMS AND TRADITIONS OF THE PEOPLES OF SARAWAK/ _cSarawak (Malaysia). Publicity and Film Sub-Committee. |
| 264 | 1 |
_a[Kuching] : _bPublicity and Film Sub-Committee, . _c1988 |
|
| 300 |
_axxiii, 256 pages : _bcolour photographs ; _c26 cm. |
||
| 336 |
_2rdacontent _atext |
||
| 337 |
_2rdamedia _aunmediated |
||
| 338 |
_2rdacarrier _avolume |
||
| 650 | 1 | 0 |
_aEthnology _zMalaysia _zSarawak. |
| 650 | 2 | 0 |
_aIndigenous peoples _zMalaysia _zSarawak |
| 650 | 2 | 0 |
_aSarawak (Malaysia) _vSocial life and customs. |
| 942 |
_2ddc _cB |
||
| 999 |
_c187696 _d187696 |
||